Statistics for European Countries With The Most African Population

Click here to take the quiz!

General Stats

  • This quiz has been taken 126 times
  • The average score is 9 of 10

Answer Stats

HintAnswer% Correct
8.43%France
98%
3.68%United Kingdom
97%
1.62%Belgium
93%
1.21%Greece
92%
2.93%Netherlands
92%
2.98%Sweden
91%
2.72%Portugal
90%
1.31%Ireland
85%
1.52%Norway
82%
1.35%Switzerland
80%

Score Distribution

Percentile by Number Answered

Percent of People with Each Score

Your Score History

You have not taken this quiz